| 000 | 00403nam a22001577a 4500 | ||
|---|---|---|---|
| 003 | OSt | ||
| 008 | 260424b |||||||| |||| 00| 0 eng d | ||
| 082 |
_a634.44 _bS48E |
||
| 100 | _aSinha, Bishwamitra | ||
| 245 | _aEvaluation of Some Late Mango Varieties | ||
| 260 |
_aPusa, Samastipur _bRAU _c2005 |
||
| 300 | _a70P. | ||
| 502 |
_bMsc. _d2005 |
||
| 650 | _aFruit and Fruit Technology | ||
| 942 |
_2ddc _cT |
||
| 999 |
_c50173 _d50173 |
||